Statistiques concernant Culure Générale - Série 253

Cliquez ici pour prendre le quiz!

Statistiques générales

  • Ce quiz a été pris 66 fois
  • Le résultat moyen est 5 sur 10

Statistiques - réponses

QuestionRéponse% Correct
Quelle expression italienne désigne le juste degré de cuisson des pâtes ?Al dente
97%
Que faut-il ajouter à la bière pour obtenir un panaché ?De la limonade
87%
Quel Etat européen est surnommé le "pays des mille lacs" ?La Finlande
73%
Quelle ville de Tunisie s'opposait à Rome lors des guerres puniques ?Carthage
68%
Quel nom porte le stade des Girondins de Bordeaux depuis 2001 ?Jacques Chaban-Delmas
48%
Quel crooner au charme latin est l'interprète de "Manuela" en 1974 ?Julio Iglesias
38%
Quel nom a porté ce stade de 1924 à 2001 ?Parc Lescure
23%
Dans quelle chanson Michel Delpech rend-il hommage à Dylan et Donovan ?Wight Is Wight
18%
De qui Gad Elmaleh joue-t-il "La Doublure" auprès d'Alice Taglioni ?Daniel Auteuil
13%
Quel groupe interprète "Sarà perché ti amo" en 1981 ?Ricchi & Poveri
10%

Distribution des résultats

Percentile par nombre de réponses

% des personnes avec chaque résultat

Votre développement - résultats

Vous n’avez pas pris ce quiz